Činnosť daňového úradu pre vybrané daňové subjekty diplomová práca

Gespeichert in:
Bibliographische Detailangaben
1. Verfasser: Šišková, Kristína
Körperschaft: Národohospodárska fakulta EU. Katedra financií
Weitere Verfasser: Schultzová, Anna
Format: Buch
Sprache:Slowakisch
Veröffentlicht: Bratislava 2017
Tags: Tag hinzufügen
Keine Tags, Fügen Sie das erste Tag hinzu!

MARC

LEADER 00000nbm a2200000 4500
001 0231909
005 20171127150913.0
041 0 |a slo 
044 |a SK 
245 1 0 |a Činnosť daňového úradu pre vybrané daňové subjekty  |b diplomová práca  |c Kristína Šišková ; školiteľ: Anna Schultzová 
264 1 |a Bratislava  |c 2017 
300 |a 62 s. 
100 1 |a Šišková, Kristína 
700 1 |a Schultzová, Anna 
710 2 |a Národohospodárska fakulta EU. Katedra financií